000 00531nam a2200181Ia 4500
005 20250423101305.0
008 250422s9999 xx 000 0 und d
020 _a9789789362783
050 _aHC 1055 .A37/
100 _aAkpan, Michael S.
245 4 _aThe IMF, world bank and Nigerian’s economicreforms: reading on 25 years of economic and political reforms in Nigeria (1986-2012)
260 _aKaduna
260 _bM.O. Press
260 _c2013
300 _a404 p
650 _aEconomicreforms- Nigeria
942 _cBK
999 _c35870
_d35870